banner

Medina legal invalidez y riesgos del trabajo / (Registro nro. 1878)

000 -LEADER
fixed length control field 00771nam a2200217 a 4500
003 - CONTROL NUMBER IDENTIFIER
control field AR-BaISA
005 - DATE AND TIME OF LATEST TRANSACTION
control field 20251111114833.0
007 - PHYSICAL DESCRIPTION FIXED FIELD--GENERAL INFORMATION
fixed length control field ta
008 - FIXED-LENGTH DATA ELEMENTS--GENERAL INFORMATION
fixed length control field 251111s1997 ag ||||f |||| 000 0 spa d
020 ## - INTERNATIONAL STANDARD BOOK NUMBER
International Standard Book Number 9509714860
040 ## - CATALOGING SOURCE
Language of cataloging spa
Transcribing agency AR-BaISA
082 04 - DEWEY DECIMAL CLASSIFICATION NUMBER
Edition number 22
Classification number 614.1 Ac96
100 ## - MAIN ENTRY--PERSONAL NAME
9 (RLIN) 3857
Personal name Achával, Alfredo
Relator term aut.
245 10 - TITLE STATEMENT
Title Medina legal invalidez y riesgos del trabajo /
Statement of responsibility, etc. Alfredo Achával
260 ## - PUBLICATION, DISTRIBUTION, ETC.
Place of publication, distribution, etc. Buenos Aires:
Name of publisher, distributor, etc. La Rocca,
Date of publication, distribution, etc. 1997
300 ## - PHYSICAL DESCRIPTION
Extent 1264 p.
505 ## - FORMATTED CONTENTS NOTE
Title GENERALIDADES --
-- NORMAS ADMINISTRATIVAS --
-- NORMAS EN RELACIÓN CON EL SISTEMA INTEGRADO DE JUBILACIONES Y PENSIONES --
-- NORMAS EN RELACIÓN CON LOS RIESGOS DEL TRABAJO
650 14 - SUBJECT ADDED ENTRY--TOPICAL TERM
9 (RLIN) 399
Topical term or geographic name entry element Medicina legal
650 14 - SUBJECT ADDED ENTRY--TOPICAL TERM
9 (RLIN) 2499
Topical term or geographic name entry element Accidentes de trabajo
Form subdivision legislación
942 ## - ADDED ENTRY ELEMENTS (KOHA)
Source of classification or shelving scheme
Koha item type Libros
Edition 22
Existencias
Withdrawn status Lost status Source of classification or shelving scheme Damaged status Not for loan Permanent Location Current Location Date acquired Inventory number Full call number Barcode Date last seen Price effective from Koha item type
          Biblioteca ISALUD. Dr. Néstor Rodríguez Campoamor Biblioteca ISALUD. Dr. Néstor Rodríguez Campoamor 2025-11-11 1792 614.1 Ac96 1792 2025-11-11 2025-11-11 Libros